Prekladateľské kompetencie ako prenosné zručnosti a preklad ako prostriedok ich rozvoja

V tomto príspevku sa nazerá na zručnosti, ktoré sa rozvíjajú pri preklade, cez optiku ich uplatnenia aj v iných profesiách, a to v súlade s očakávaniami trhu práce. Tieto zručnosti sú vnímané ako prostriedky úspešného zamestnania sa absolventov prekladu aj v iných odvetviach ako je prekladateľský pr...

Full description

Saved in:
Bibliographic Details
Main Author: Vargová, Dominika, 1987-
Format: Book Chapter
Language:Slovak
Subjects:
Tags: Add Tag
No Tags, Be the first to tag this record!

MARC

LEADER 00000naa a2200000 4500
001 0276540
005 20240502074321.3
041 0 |a slo 
044 |a SK 
245 1 0 |a Prekladateľské kompetencie ako prenosné zručnosti a preklad ako prostriedok ich rozvoja  |c Dominika Vargová 
520 |a V tomto príspevku sa nazerá na zručnosti, ktoré sa rozvíjajú pri preklade, cez optiku ich uplatnenia aj v iných profesiách, a to v súlade s očakávaniami trhu práce. Tieto zručnosti sú vnímané ako prostriedky úspešného zamestnania sa absolventov prekladu aj v iných odvetviach ako je prekladateľský priemysel. 
610 2 0 |a prekladateľstvo 
610 2 0 |a trh práce 
610 2 0 |a kompetencie 
610 2 0 |a zručnosti 
100 1 |a Vargová, Dominika, 1987-